[Event "8th Ali Ipek Tournament 2020"]
[Site "Ankara"]
[Date "2020.03.04"]
[Round "1.15"]
[White "Babagil, Emre"]
[Black "Ercan, Mehmet Fahri"]
[Result "0-1"]
[WhiteElo "1316"]
[BlackElo "1810"]
[Annotator "NA"]
[PlyCount "88"]
[EventDate "2020.03.04"]
[EventType "swiss"]
[EventCountry "TUR"]
[SourceTitle "playchess.com"]
[Source "ChessBase"]
[SourceQuality "1"]
[TimeControl "5400+30"]

{[%evp 8,76,25,32767,55,30,30,20,53,49,50,36,64,37,81,63,127,96,126,12,67,46,43,28,21,32767,32767,13,68,32767,32767,49,60,70,32767,12,32767,32767,100,115,32767,-6,0,0,0,-13,0,-8,-6,-133,-125,-139,-150,-299,-337,-381,-383,-384,-410,-402,-343,-395,-412,32767,32767,-445,-524,-485,-1951,-6123,-12838]} 1. e4 {[%emt 0:00:30]} c5 {[%emt 0:00:30]} 2. Nf3 {[%emt 0:00:00]} d6 {[%emt 0:00:00]} 3. d4 {[%emt 0:01:00]} cxd4 {[%emt 0:00:00]} 4. Nxd4 {[%emt 0:00:00]} Nf6 {[%emt 0:00:00]} 5. f3 {[%emt 0:01:00]} a6 {[%emt 0:04:00]} ({Black should play} 5... e5 $11 6. Nb3 Be7) 6. c4 {[%emt 0:02:30]} Nc6 {[%emt 0:00:00]} 7. Nc3 {[%emt 0:01:30]} g6 {[%emt 0:00:00]} 8. Be3 {[%emt 0:02:30]} Bg7 {[%emt 0:00:30]} 9. Be2 {[%emt 0:00:30]} O-O {[%emt 0:00:30]} 10. O-O {[%emt 0:02:30]} h5 {[%emt 0:01:30] B38: Sicilian: Maroczy Bind with 5...Bg7 and 7...0-0.} 11. Qd2 {[%emt 0:02:30]} Be6 {[%emt 0:02:30]} (11... Bd7 $14) 12. Nxe6 {[%emt 0:04:30]} fxe6 {[%emt 0:00:30] [#]} 13. Bh6 $146 {[%emt 0:00:00]} ({White should try} 13. f4 $16) ({Predecessor:} 13. Rab1 Rc8 14. Rfc1 Ne5 15. Na4 Nfd7 16. b4 Nc6 17. c5 dxc5 18. Nxc5 Nxc5 19. Qxd8 Rfxd8 20. bxc5 {0-1 (55) Styggen-Tovizi,A Dos Hermanas 2003}) 13... Ne5 {[%emt 0:02:30]} 14. Bxg7 {[%emt 0:01:00]} Kxg7 {[%emt 0:00:00]} 15. f4 {[%emt 0:02:30]} Qb6+ {[%emt 0:01:00]} 16. Kh1 {[%emt 0:01:30]} Neg4 {[%emt 0:00:00]} 17. Bxg4 {[%emt 0:02:30]} Nxg4 {[%emt 0:03:00]} 18. Rae1 {[%emt 0:02:30]} Rac8 {[%emt 0:02:30]} 19. f5 {[%emt 0:04:30]} Rxc4 {[%emt 0:01:30]} 20. h3 $1 {[%emt 0:13:30]} Ne5 {[%emt 0:05:30]} 21. Qg5 {[%emt 0:00:30]} ({White should play} 21. fxe6 $16 Qd8 22. b3) 21... Rf6 {[%emt 0:03:30]} 22. fxe6 {[%emt 0:02:30]} Rxc3 {[%emt 0:19:30]} 23. bxc3 {[%emt 0:00:30]} Rxe6 {[%emt 0:09:30]} 24. Qe3 {[%emt 0:04:30]} ({White should play} 24. Qd2 $16) 24... Qxe3 {[%emt 0:02:30]} 25. Rxe3 {[%emt 0:00:00]} Nc4 {[%emt 0:00:00]} 26. Ree1 {[%emt 0:03:00]} Nd2 {[%emt 0:00:00]} 27. Rg1 {[%emt 0:06:30]} Nxe4 {[%emt 0:00:30]} 28. Rb1 {[%emt 0:00:30] [#]} (28. c4 $1 $11) 28... b5 $1 {[%emt 0:03:30]} ({Much worse is} 28... Nxc3 $6 29. Rxb7 Nxa2 30. Ra1 $11) 29. Rbc1 {[%emt 0:02:30]} d5 {[%emt 0:00:30]} 30. Rgd1 $2 {[%emt 0:00:30]} (30. Rc2 $17 {keeps fighting.}) 30... Nf2+ {[%emt 0:00:30] Double Attack} 31. Kg1 {[%emt 0:01:30]} Nxd1 {[%emt 0:00:30]} 32. Rxd1 {[%emt 0:00:00]} Re5 {[%emt 0:00:30]} 33. Kf2 {[%emt 0:00:00]} Kf6 {[%emt 0:00:30]} 34. Kf3 {[%emt 0:01:30]} Ke6 {[%emt 0:00:00]} 35. g4 {[%emt 0:01:30]} h4 {[%emt 0:00:00]} 36. Rd4 {[%emt 0:01:30]} Re1 {[%emt 0:01:30]} 37. Kf4 {[%emt 0:00:30] [#]} Re4+ $1 {[%emt 0:03:30]} 38. Kg5 {[%emt 0:00:30]} Rxd4 $19 {[%emt 0:00:30]} 39. cxd4 {[%emt 0:00:00]} Kf7 {[%emt 0:00:30]} 40. Kxh4 {[%emt 0:01:00]} b4 {[%emt 0:00:30]} 41. Kg3 {[%emt 0:00:30]} a5 {[%emt 0:00:30]} 42. Kf2 {[%emt 0:00:30]} a4 {[%emt 0:00:00]} 43. Ke2 {[%emt 0:00:00]} b3 {[%emt 0:01:00]} 44. axb3 {[%emt 0:00:00]} a3 {[%emt 0:00:00]} 0-1

[Event "8th Ali Ipek Tournament 2020"]
[Site "Ankara"]
[Date "2020.03.04"]
[Round "1.16"]
[White "Genc, Arda"]
[Black "Muti, Erol"]
[Result "1/2-1/2"]
[WhiteElo "1734"]
[BlackElo "1237"]
[Annotator "NA RC"]
[PlyCount "96"]
[EventDate "2020.03.04"]
[EventType "swiss"]
[EventCountry "TUR"]
[SourceTitle "playchess.com"]
[Source "ChessBase"]
[SourceQuality "1"]
[TimeControl "5400+30"]

1. d4 {[%emt 0:00:30]} Nf6 {[%emt 0:02:30]} 2. Nf3 {[%emt 0:00:00]} d5 {[%emt 0:00:00]} 3. e3 {[%emt 0:00:00]} Bg4 {[%emt 0:04:00]} 4. b3 {[%emt 0:01:30]} e6 {[%emt 0:00:30]} 5. Bb2 {[%emt 0:00:30]} Bb4+ {[%emt 0:01:30]} 6. c3 {[%emt 0:00:30]} Bd6 {[%emt 0:00:30]} 7. Be2 {[%emt 0:04:30]} O-O {[%emt 0:00:30]} 8. O-O {[%emt 0:00:30]} Nbd7 {[%emt 0:01:30]} 9. c4 {[%emt 0:00:30]} c6 {[%emt 0:00:30]} 10. h3 {[%emt 0:01:30]} Bh5 {[%emt 0:00:30]} 11. Nc3 {[%emt 0:03:30]} Rc8 {[%emt 0:00:30]} 12. Nd2 {[%emt 0:10:30]} Bxe2 {[%emt 0:02:30]} 13. Qxe2 {[%emt 0:00:30]} Bb8 {[%emt 0:00:30]} 14. f4 {[%emt 0:00:30]} Qc7 {[%emt 0:04:30]} 15. Rac1 {[%emt 0:05:30]} Rfe8 {[%emt 0:02:30]} 16. Qf3 {[%emt 0:03:30]} Nf8 {[%emt 0:03:30]} 17. g3 {[%emt 0:05:30]} Ng6 {[%emt 0:00:30]} 18. a4 {[%emt 0:12:30]} Qd6 {[%emt 0:02:30]} 19. c5 {[%emt 0:00:30]} Qc7 {[%emt 0:00:30]} 20. b4 {[%emt 0:02:30]} a6 {[%emt 0:01:30]} 21. g4 {[%emt 0:09:30]} Nh4 {[%emt 0:02:30]} 22. Qf2 {[%emt 0:00:30]} Ng6 {[%emt 0:00:30]} 23. g5 {[%emt 0:02:30]} Nd7 {[%emt 0:01:30]} 24. Nf3 {[%emt 0:05:30]} f6 {[%emt 0:00:30]} 25. h4 {[%emt 0:01:30]} Rf8 {[%emt 0:01:30]} 26. h5 {[%emt 0:05:30]} Ne7 {[%emt 0:00:30]} 27. b5 {[%emt 0:01:30]} Nf5 {[%emt 0:00:30]} 28. b6 {[%emt 0:01:30]} Qd8 {[%emt 0:00:30]} 29. Nd1 {[%emt 0:02:59]} Qe8 {[%emt 0:00:30]} 30. Qh2 {[%emt 0:00:29]} Qe7 {[%emt 0:03:30]} 31. Rc2 {[%emt 0:02:57]} fxg5 {[%emt 0:01:30]} 32. Nxg5 {[%emt 0:00:05]} h6 {[%emt 0:02:30]} 33. Nf3 {[%emt 0:00:35]} Nf6 {[%emt 0:00:30]} 34. Nh4 {[%emt 0:01:44]} Nxh4 {[%emt 0:01:30]} 35. Qxh4 {[%emt 0:00:31]} Qf7 {[%emt 0:00:30]} 36. Rh2 {[%emt 0:00:10]} Ne4 {[%emt 0:02:30]} 37. Nc3 {[%emt 0:01:41]} Nxc3 {[%emt 0:01:30]} 38. Bxc3 {[%emt 0:00:01]} Rce8 {[%emt 0:00:00]} 39. Qg4 {[%emt 0:10:07]} Qf5 {[%emt 0:01:00]} 40. Rg2 {[%emt 0:00:55]} Rf7 {[%emt 0:00:00]} 41. Qxf5 {[%emt 0:00:21]} exf5 {[%emt 0:00:00]} 42. Bd2 {[%emt 0:00:15]} Re6 {[%emt 0:01:30]} 43. Rf3 {[%emt 0:00:24]} Kh7 {[%emt 0:00:30]} 44. Rfg3 {[%emt 0:00:21]} Ree7 {[%emt 0:00:30]} 45. Rg6 {[%emt 0:00:30]} Re4 {[%emt 0:02:30]} 46. Kf2 {[%emt 0:00:30]} Kh8 {[%emt 0:00:30]} 47. Kf3 {[%emt 0:01:40]} Kh7 {[%emt 0:00:30]} 48. Re2 {[%emt 0:00:51]} Rfe7 {[%emt 0:00:30]} 1/2-1/2

[Event "8th Ali Ipek Tournament 2020"]
[Site "Ankara"]
[Date "2020.03.04"]
[Round "1.18"]
[White "Ersahince, Umut Utku"]
[Black "Sahin, Ali Haydar"]
[Result "1-0"]
[WhiteElo "1645"]
[BlackElo "1296"]
[Annotator "NA RC"]
[PlyCount "79"]
[EventDate "2020.03.04"]
[EventType "swiss"]
[EventCountry "TUR"]
[SourceTitle "playchess.com"]
[Source "ChessBase"]
[SourceQuality "1"]
[TimeControl "5400+30"]

1. e4 {[%emt 0:00:30]} d6 {[%emt 0:00:30]} 2. d4 {[%emt 0:00:00]} g6 {[%emt 0:00:00]} 3. Nf3 {[%emt 0:00:00]} Bg7 {[%emt 0:00:00]} 4. Bd3 {[%emt 0:00:00]} Nf6 {[%emt 0:00:30]} 5. O-O {[%emt 0:00:00]} O-O {[%emt 0:00:00]} 6. Nbd2 {[%emt 0:00:30]} Nc6 {[%emt 0:01:00]} 7. a4 {[%emt 0:00:30]} a5 {[%emt 0:00:30]} 8. Re1 {[%emt 0:06:30]} e5 {[%emt 0:00:30]} 9. dxe5 {[%emt 0:00:30]} dxe5 {[%emt 0:02:30]} 10. Bb5 {[%emt 0:01:30]} Bd7 {[%emt 0:05:30]} 11. Nc4 {[%emt 0:08:30]} Re8 {[%emt 0:11:30]} 12. b3 {[%emt 0:01:30]} Bg4 {[%emt 0:02:30]} 13. Qxd8 {[%emt 0:05:30]} Rexd8 {[%emt 0:02:30]} 14. Bxc6 {[%emt 0:01:30]} Bxf3 {[%emt 0:01:30]} 15. Bxb7 {[%emt 0:02:30]} Rab8 {[%emt 0:00:30]} 16. gxf3 {[%emt 0:00:30]} Rxb7 {[%emt 0:00:00]} 17. Nxa5 {[%emt 0:00:30]} Rb6 {[%emt 0:01:00]} 18. Nc4 {[%emt 0:02:30]} Re6 {[%emt 0:00:30]} 19. Be3 {[%emt 0:02:30]} Nh5 {[%emt 0:00:30]} 20. a5 {[%emt 0:04:30]} f5 {[%emt 0:00:00]} 21. a6 {[%emt 0:01:30]} Nf4 {[%emt 0:00:00]} 22. a7 {[%emt 0:03:30]} Ree8 {[%emt 0:00:30]} 23. Na5 {[%emt 0:08:30]} Ne6 {[%emt 0:02:30]} 24. Nc6 {[%emt 0:03:30]} Ra8 {[%emt 0:00:30]} 25. Ra5 {[%emt 0:05:30]} f4 {[%emt 0:00:30]} 26. Bc5 {[%emt 0:00:30]} Nd8 {[%emt 0:01:30]} 27. Nxd8 {[%emt 0:03:30]} Rexd8 {[%emt 0:00:30]} 28. Rea1 {[%emt 0:00:00]} h5 {[%emt 0:04:30]} 29. Rb5 {[%emt 0:00:00]} Bf8 {[%emt 0:01:30]} 30. Bxf8 {[%emt 0:01:30]} Kxf8 {[%emt 0:00:30]} 31. Rxe5 {[%emt 0:03:30]} h4 {[%emt 0:00:30]} 32. Kg2 {[%emt 0:00:30]} c6 {[%emt 0:01:30]} 33. Re6 {[%emt 0:03:30]} Kf7 {[%emt 0:00:30]} 34. Rxc6 {[%emt 0:00:00]} Rd2 {[%emt 0:00:30]} 35. h3 {[%emt 0:01:00]} Rd7 {[%emt 0:00:30]} 36. Rca6 {[%emt 0:00:00]} Rc7 {[%emt 0:00:30]} 37. R1a2 {[%emt 0:00:00]} Kg7 {[%emt 0:01:30]} 38. b4 {[%emt 0:00:30]} Kh6 {[%emt 0:00:30]} 39. b5 {[%emt 0:00:30]} Rc5 {[%emt 0:00:30]} 40. b6 {[%emt 0:00:00]} 1-0

[Event "8th Ali Ipek Tournament 2020"]
[Site "Ankara"]
[Date "2020.03.04"]
[Round "1.19"]
[White "Ozkoca, Can"]
[Black "Ceylan, Arda"]
[Result "0-1"]
[WhiteElo "1312"]
[BlackElo "1637"]
[Annotator "NA RC"]
[PlyCount "59"]
[EventDate "2020.03.04"]
[EventType "swiss"]
[EventCountry "TUR"]
[SourceTitle "playchess.com"]
[Source "ChessBase"]
[SourceQuality "1"]
[TimeControl "5400+30"]

1. c4 {[%emt 0:00:30]} Nf6 {[%emt 0:00:30]} 2. Nc3 {[%emt 0:00:00]} e5 {[%emt 0:00:30]} 3. g3 {[%emt 0:00:00]} c6 {[%emt 0:00:30]} 4. Bg2 {[%emt 0:01:30]} d5 {[%emt 0:00:30]} 5. cxd5 {[%emt 0:02:30]} cxd5 {[%emt 0:00:30]} 6. Qb3 {[%emt 0:01:30]} e4 {[%emt 0:07:30]} 7. e3 {[%emt 0:03:30]} Nc6 {[%emt 0:02:30]} 8. Nge2 {[%emt 0:06:30]} Rb8 {[%emt 0:24:30]} 9. O-O {[%emt 0:14:30]} Be6 {[%emt 0:06:30]} 10. Nf4 {[%emt 0:16:30]} Ne5 {[%emt 0:07:30]} 11. Nxe6 {[%emt 0:13:30]} fxe6 {[%emt 0:00:30]} 12. Qb5+ {[%emt 0:06:30]} Nfd7 {[%emt 0:06:30]} 13. b3 {[%emt 0:02:30]} Nf3+ {[%emt 0:07:30]} 14. Kh1 {[%emt 0:02:30]} Qf6 {[%emt 0:04:30]} 15. d4 {[%emt 0:06:00]} g5 {[%emt 0:06:30]} 16. Nxd5 {[%emt 0:08:03]} exd5 {[%emt 0:00:30]} 17. Qxd5 {[%emt 0:00:14]} Qc6 {[%emt 0:00:30]} 18. Qf5 {[%emt 0:02:54]} Qg6 {[%emt 0:01:30]} 19. Bh3 {[%emt 0:00:47]} Qxf5 {[%emt 0:03:07]} 20. Bxf5 {[%emt 0:00:38]} Nf6 {[%emt 0:00:04]} 21. Bb2 {[%emt 0:00:15]} Bd6 {[%emt 0:00:52]} 22. Rac1 {[%emt 0:01:37]} Ke7 {[%emt 0:01:35]} 23. Rc2 {[%emt 0:02:03]} g4 {[%emt 0:03:30]} 24. Rd1 {[%emt 0:03:45]} h5 {[%emt 0:01:57]} 25. d5 {[%emt 0:00:58]} h4 {[%emt 0:02:23]} 26. Bxf6+ {[%emt 0:01:22]} Kxf6 {[%emt 0:00:02]} 27. Bxg4 {[%emt 0:01:03]} Rbg8 {[%emt 0:05:11]} 28. Rg1 {[%emt 0:01:17]} hxg3 {[%emt 0:00:22]} 29. fxg3 {[%emt 0:00:39]} Bxg3 {[%emt 0:00:17]} 30. Rxg3 {[%emt 0:00:59]} 0-1

[Event "8th Ali Ipek Tournament 2020"]
[Site "Ankara"]
[Date "2020.03.04"]
[Round "1.20"]
[White "Ergani, Efe"]
[Black "Ataseven, Huseyin"]
[Result "1-0"]
[WhiteElo "1668"]
[BlackElo "1284"]
[Annotator "NA RC"]
[PlyCount "67"]
[EventDate "2020.03.04"]
[EventType "swiss"]
[EventCountry "TUR"]
[SourceTitle "playchess.com"]
[Source "ChessBase"]
[SourceQuality "1"]
[TimeControl "5400+30"]

1. Nf3 {[%emt 0:00:30]} Nf6 {[%emt 0:00:30]} 2. g3 {[%emt 0:00:00]} g6 {[%emt 0:01:30]} 3. Bg2 {[%emt 0:00:00]} Bg7 {[%emt 0:00:00]} 4. O-O {[%emt 0:00:30]} O-O {[%emt 0:00:00]} 5. d4 {[%emt 0:00:00]} d5 {[%emt 0:00:00]} 6. c4 {[%emt 0:00:00]} c6 {[%emt 0:03:00]} 7. cxd5 {[%emt 0:00:30]} cxd5 {[%emt 0:01:30]} 8. Ne5 {[%emt 0:00:30]} Nc6 {[%emt 0:01:30]} 9. Nc3 {[%emt 0:04:30]} Qb6 {[%emt 0:03:30]} 10. Nxc6 {[%emt 0:08:30]} bxc6 {[%emt 0:00:30]} 11. Na4 {[%emt 0:03:30]} Qa5 {[%emt 0:02:30]} 12. Bd2 {[%emt 0:02:30]} Qb5 {[%emt 0:02:30]} 13. Rc1 {[%emt 0:02:30]} Ne4 {[%emt 0:10:30]} 14. Be3 {[%emt 0:09:30]} Ba6 {[%emt 0:10:30]} 15. Re1 {[%emt 0:02:30]} f6 {[%emt 0:05:30]} 16. f3 {[%emt 0:07:30]} Nd6 {[%emt 0:01:30]} 17. Bf2 {[%emt 0:01:30]} f5 {[%emt 0:07:30]} 18. e3 {[%emt 0:07:30]} Qd3 {[%emt 0:06:30]} 19. Qxd3 {[%emt 0:00:30]} Bxd3 {[%emt 0:00:30]} 20. Nc5 {[%emt 0:00:30]} Bb5 {[%emt 0:07:30]} 21. a4 {[%emt 0:00:30]} Bc4 {[%emt 0:00:00]} 22. b3 {[%emt 0:00:30]} Rfb8 {[%emt 0:02:00]} 23. bxc4 {[%emt 0:00:30]} Nxc4 {[%emt 0:00:30]} 24. Ne6 {[%emt 0:01:30]} Rb2 {[%emt 0:00:30]} 25. Nxg7 {[%emt 0:01:30]} Kxg7 {[%emt 0:00:30]} 26. e4 {[%emt 0:00:30]} Kf7 {[%emt 0:01:30]} 27. exd5 {[%emt 0:00:30]} cxd5 {[%emt 0:00:30]} 28. f4 {[%emt 0:00:30]} e6 {[%emt 0:00:30]} 29. Rxc4 {[%emt 0:00:30]} Rab8 {[%emt 0:02:30]} 30. Rc7+ {[%emt 0:00:00]} Kf6 {[%emt 0:00:30]} 31. Rxa7 {[%emt 0:00:00]} Ra2 {[%emt 0:00:30]} 32. g4 {[%emt 0:03:30]} fxg4 {[%emt 0:00:30]} 33. Bh4+ {[%emt 0:00:30]} g5 {[%emt 0:00:30]} 34. Bxg5+ {[%emt 0:00:30]} 1-0

[Event "8th Ali Ipek Tournament 2020"]
[Site "Ankara"]
[Date "2020.03.05"]
[Round "2.1"]
[White "Yarashov, Azat"]
[Black "Tastan, Tunayasin"]
[Result "1-0"]
[WhiteElo "2218"]
[BlackElo "1535"]
[Annotator "TA"]
[PlyCount "107"]
[EventDate "2020.03.04"]
[EventType "swiss"]
[EventCountry "TUR"]
[SourceTitle "playchess.com"]
[Source "ChessBase"]
[SourceQuality "1"]

{[%evp 9,107,-9,-2,-17,25,-13,43,37,48,24,23,22,7,14,101,85,110,111,100,102,132,150,135,139,166,149,179,0,145,108,187,182,226,171,186,181,221,212,189,171,171,127,186,149,219,188,196,191,186,186,200,199,197,195,194,185,183,166,191,133,143,133,140,124,148,146,176,176,173,170,168,166,167,0,166,146,148,154,159,146,146,145,201,201,197,197,218,158,208,118,1092,1125,6294,3243,29969,29970,29976,29971,29977,29973]} 1. e4 c5 2. b3 e5 3. Bb2 Nc6 4. Bb5 d6 5. Ne2 Nf6 6. O-O {B20: Sicilian: Unusual White 2nd moves.} Bd7 {[#]} 7. f4 $146 ({Predecessor:} 7. d3 Be7 8. Nd2 O-O 9. Bxc6 Bxc6 10. c4 g6 11. Ng3 Ne8 12. f4 exf4 13. Rxf4 {1-0 (39) Skorna,U (2110)-Leiber,B (2210) Magdeburg 2015}) 7... Nd4 (7... Nxe4 $11 8. Na3 Qb6) 8. Bxd7+ {White is slightly better.} Qxd7 9. Nxd4 cxd4 10. c3 dxc3 11. Nxc3 O-O-O (11... Be7 $11) 12. d4 exf4 13. Rxf4 Kb8 14. Qf3 Re8 15. Rd1 Qc6 16. h3 h5 17. Rc1 Qd7 18. Rd1 Qc6 $1 19. Kf1 Rh6 {[#]} (19... Qa6+ $16 {keeps fighting.} 20. Kg1 Qc6) 20. e5 $1 $18 {[%cal Re5f6][%mdl 512]} Qa6+ (20... dxe5 21. Qxc6) 21. Qd3 Qxd3+ 22. Rxd3 dxe5 23. dxe5 Nh7 24. Rxf7 Ng5 25. Rfd7 {Threatens to win with Rd8+.} Ne6 (25... Rc6 $16) 26. Ne4 Bb4 (26... Rh8 $16 {was necessary.} 27. Bc3 Be7) 27. Rf7 Rf8 28. Rdd7 Rxf7+ 29. Rxf7 Rh8 {[#]} 30. Nd6 $1 Rf8 31. Rxf8+ Nxf8 {[%mdl 4096] Endgame KBN-KBN} 32. Ke2 Ne6 33. Ke3 Kc7 34. Nb5+ ({White should try} 34. Ke4 $18) 34... Kd7 $16 35. Nd4 g6 36. Nf3 Be7 37. Bd4 a6 38. Ke4 Kc6 39. Be3 Kd7 40. Bf2 Bd8 41. Be3 Be7 42. Ng1 Nc7 43. Ne2 Ne6 44. Nc3 Bd8 45. Nd5 Kc6 (45... Bh4 $16 {is a better defense.} 46. Nb4 Bg3) 46. Nf4 $18 Nxf4 47. Bxf4 {KB-KB} ({But not} 47. Kxf4 $6 Kd5 $16) 47... Be7 48. g3 b5 49. h4 (49. Bc1 $18) 49... Kd7 $2 {[%mdl 8192] This move loses the game for Black.} (49... Bb4 $16) 50. Kd5 Ba3 51. e6+ Ke8 52. Bd6 {White mates.} Bb2 53. Kc5 Bf6 54. Kb6 {Accuracy: White = 75%, Black = 52%.} 1-0

[Event "8th Ali Ipek Tournament 2020"]
[Site "Ankara"]
[Date "2020.03.05"]
[Round "2.4"]
[White "Alkan, Sukru"]
[Black "Yaver, Faik Emre"]
[Result "0-1"]
[WhiteElo "1498"]
[BlackElo "2086"]
[Annotator "TA"]
[PlyCount "86"]
[EventDate "2020.03.04"]
[EventType "swiss"]
[EventCountry "TUR"]
[SourceTitle "playchess.com"]
[Source "ChessBase"]
[SourceQuality "1"]

{[%evp 10,86,-12,-12,-12,-10,-13,-8,0,0,0,0,0,-20,-20,-22,-13,-16,0,0,0,-36,28,28,26,0,54,0,185,3,94,22,20,9,141,40,93,15,16,19,13,0,0,0,9,0,2,0,0,0,0,0,0,0,0,0,287,284,264,259,250,79,70,79,68,89,89,0,0,0,0,0,0,-29975,-29963,-29988,-29989,-29989,-29990]} 1. d4 d5 2. Nf3 e6 3. Bg5 Be7 4. Bxe7 Qxe7 5. c3 Nf6 6. Nbd2 Nbd7 {D02: 1 d4 d5 2 Nf3 sidelines, including 2...Nf6 3 g3 and 2...Nf6 3 Bf4.} 7. e3 O-O 8. Bd3 e5 {The position is equal.} 9. dxe5 Nxe5 10. Nxe5 Qxe5 11. Nf3 Qe7 12. h3 Rd8 {[#]} 13. O-O $146 ({Predecessor:} 13. Qc2 a5 14. O-O Ne4 15. Rfe1 h6 16. Rad1 Ng5 17. Nxg5 Qxg5 18. f4 Qg3 19. Qf2 Qxf2+ 20. Kxf2 {½-½ (46) Sorgo,R (1835)-Petrosino,G (1536) Udine 2007}) 13... Ne4 14. Qc2 Bf5 15. Nd2 Re8 (15... Rd6 $15 16. f3 Nxd2 17. Qxd2 Bxd3 18. Qxd3 c6) 16. Nxe4 $11 dxe4 17. Bc4 Qh4 (17... Bxh3 $11 18. gxh3 Qg5+ 19. Kh2 Qe5+ 20. f4 exf3+ 21. Kh1 Qh5) 18. Qb3 (18. Rfd1 $14) 18... Re5 $2 (18... Bxh3 $1 $11 19. gxh3 (19. Bxf7+ Kh8 $11) 19... Qxh3 20. Qxb7 (20. Bxf7+ Kh8 $11) 20... Qg4+ 21. Kh2 Qh5+ 22. Kg1 Qg4+ 23. Kh2 Qh5+ 24. Kg1 Qg4+) 19. f4 $2 ({Worse is} 19. Bxf7+ Kh8 $11) ({White must play} 19. Qxb7 $18 Qd8 20. Rfd1) 19... Re7 (19... exf3 $1 $11 20. Rxf3 (20. Bxf7+ Kh8 $11) 20... Rf8) 20. Kh2 (20. Qxb7 $16 Rf8 21. Kh2 (21. Qxa7 Bxh3 22. Rad1 Be6 $14)) 20... c6 21. a4 Bg4 (21... Rd8 $11 {keeps the balance.} 22. Rad1 Red7) 22. Qc2 (22. f5 $1 $16) 22... Rd8 {[#]} (22... Qh6 $14) 23. Kg1 (23. f5 $1 $16) 23... Bf5 24. Rad1 Red7 25. Rxd7 Rxd7 26. Rd1 Qg3 $132 {[%mdl 2048] Black is fighting back} 27. Rxd7 {[%cal Rd7d8]} Qxe3+ 28. Kh1 {[%cal Rd7d8]} Qe1+ 29. Kh2 {[%cal Rd7d8]} Bxd7 {[#]} 30. Qb3 $1 {[%csl LRb7,LRf7][%cal Rb3b7][%mdl 512]} Qd2 31. Qxb7 {White threatens Qb8+ and mate.} Qxf4+ 32. Kh1 {Qa8+ would kill now.} Qd6 $2 {[%mdl 8192]} (32... Qc1+ $1 $11 {and Black is okay.} 33. Kh2 Qf4+ 34. Kh1 Qc1+ 35. Kh2 Qf4+) 33. Qa8+ $18 Qf8 34. Qxa7 Be6 35. Bxe6 $2 (35. Bf1 $18 {and White stays clearly on top.}) 35... fxe6 {[%mdl 4096] Endgame KQ-KQ} 36. Qe3 Qf1+ 37. Kh2 Qd3 {[#]} 38. Qa7 ({Better is} 38. Qd4 $1 $16) 38... h5 39. Qe7 {Threatens to win with Qe8+.} Qd5 40. a5 {Threatening a6.} e3 41. a6 $2 {[%mdl 8192]} (41. Kg1 $11) 41... e2 {Black mates.} 42. a7 Qe5+ 43. g3 e1=Q {Accuracy: White = 57%, Black = 64%.} 0-1

[Event "8th Ali Ipek Tournament 2020"]
[Site "Ankara"]
[Date "2020.03.05"]
[Round "2.5"]
[White "Akin, Yagizcinar"]
[Black "Yenice, Yusuf Erkan"]
[Result "1-0"]
[WhiteElo "1861"]
[BlackElo "1514"]
[Annotator "NA RC"]
[PlyCount "67"]
[EventDate "2020.03.04"]
[EventType "swiss"]
[EventCountry "TUR"]
[SourceTitle "playchess.com"]
[Source "ChessBase"]
[SourceQuality "1"]
[TimeControl "5400+30"]

{[%evp 8,63,15,20,52,12,13,9,11,10,29,22,49,45,61,24,33,54,79,72,32767,56,94,95,102,92,32767,118,32767,32767,145,141,32767,156,180,204,169,210,175,177,166,186,460,478,32767,32767,32767,32767,463,428,32767,32767,32767,32767,32767,32767,1018,796]} 1. e4 {[%emt 0:00:30]} c5 {[%emt 0:00:30]} 2. Nf3 {[%emt 0:00:30]} e6 {[%emt 0:00:30]} 3. g3 {[%emt 0:00:00]} Nc6 {[%emt 0:04:30]} 4. Bg2 {[%emt 0:00:00]} Be7 {[%emt 0:02:30]} 5. O-O {[%emt 0:00:00]} d6 {[%emt 0:04:30]} 6. c3 {[%emt 0:00:00]} Nf6 {[%emt 0:01:30]} 7. Qe2 {[%emt 0:00:30]} O-O {[%emt 0:02:30] C00: French: Unusual White 2nd moves.} 8. d4 {[%emt 0:00:30]} cxd4 {[%emt 0:02:30]} 9. cxd4 {[%emt 0:00:30]} e5 {[%emt 0:09:30]} 10. d5 {[%emt 0:00:30]} Nb8 {[%emt 0:02:30]} 11. h3 {[%emt 0:02:30]} b6 {[%emt 0:07:30] [#]} 12. b4 $146 {[%emt 0:02:30]} ({Predecessor:} 12. Re1 a5 13. Nc3 Nbd7 14. Nh2 Ba6 15. Qe3 b5 16. g4 Nc5 17. Ne2 b4 18. Rd1 {½-½ (36) Jablonski,N (2211)-Brethes,F (2080) Aix les Bains 2003}) 12... a5 {[%emt 0:07:30] [#]} 13. b5 $1 {[%emt 0:00:00]} Nbd7 {[%emt 0:02:30]} 14. Ba3 {[%emt 0:05:00]} g6 {[%emt 0:04:30]} 15. Nbd2 {[%emt 0:01:30]} Ne8 {[%emt 0:09:30]} 16. Nc4 {[%emt 0:00:30]} f6 {[%emt 0:01:30]} 17. Nfd2 {[%emt 0:07:30]} Nc5 {[%emt 0:05:30]} 18. Bxc5 {[%emt 0:00:30]} dxc5 {[%emt 0:00:30]} 19. f4 {[%emt 0:01:30]} exf4 {[%emt 0:03:30]} 20. gxf4 {[%emt 0:00:30]} Bd6 {[%emt 0:13:35]} 21. e5 {[%emt 0:00:30]} Bb8 {[%emt 0:01:19]} 22. d6 {[%emt 0:04:30]} Ra7 {[%emt 0:00:08]} 23. Rad1 {[%emt 0:01:30]} Be6 {[%emt 0:01:45]} 24. Ne4 {[%emt 0:01:30]} f5 $2 {[%emt 0:06:04]} (24... Raf7 25. a4 Kh8) 25. Ng5 {[%emt 0:00:30]} Ng7 {[%emt 0:01:28]} 26. Nxe6 {[%emt 0:00:30]} Nxe6 {[%emt 0:00:30]} 27. Bd5 {[%emt 0:00:00]} Re8 {[%emt 0:00:36]} 28. Bxe6+ {[%emt 0:02:00]} Rxe6 {[%emt 0:00:30]} 29. Qg2 {[%emt 0:00:00]} Rg7 {[%emt 0:02:27]} 30. Qd5 {[%emt 0:00:00]} Kf7 {[%emt 0:00:11]} 31. Kh2 {[%emt 0:04:30]} Ba7 {[%emt 0:01:17]} 32. Qb7+ $18 {[%emt 0:01:30]} Kf8 {[%emt 0:01:42]} 33. d7 {[%emt 0:00:30]} Bb8 {[%emt 0:00:13]} 34. Qxb8 {[%emt 0:00:00]} 1-0